Clickable Autobiographies Quiz Stats

 Plays Quiz Updated Aug 10, 2015

Also try: Autobiographies
Challenge
Share
Tweet
Embed
Score 0/35 Timer 06:00
0 Plays Today
% Correct
David Hasselhoff
93.3%
Adolf Hitler
92.1%
Tori Spelling
90.7%
Leonard Nimoy
86.1%
Tommy Chong
85.9%
Tony Hawk
85.3%
Buzz Aldrin
84.1%
Nelson Mandela
83.4%
Adam West
81.4%
Mark Twain
77.1%
Michael J. Fox
74.3%
Margaret Thatcher
74%
Michael Jackson
72.9%
Jay Leno
72.7%
Roger Moore
71.8%
Lance Bass
68.5%
Gene Simmons
67.4%
Mel Blanc
66.5%
% Correct
Steve Martin
62.9%
Patrick Swayze
60%
Andre Agassi
54.5%
Bob Barker
52.4%
Meat Loaf
52.2%
Lance Armstrong
51.9%
Dick Van Patten
46.3%
Ron Jeremy
44.4%
Patty Duke
41.9%
Anthony Kiedis
40.2%
Louis Gossett, Jr.
40%
Carnie Wilson
35.4%
RuPaul
31.3%
Jimmy Hart
27.8%
Boy George
26.5%
Roger Clemens
24.4%
Richard Branson
22.2%

You're not logged in!

Compare scores with friends on all Sporcle quizzes.
Join for Free
OR
Log In

You Might Also Like...

Show Comments

Extras

Top Quizzes Today


Score Distribution

Your Account Isn't Verified!

In order to create a playlist on Sporcle, you need to verify the email address you used during registration. Go to your Sporcle Settings to finish the process.

Report this User

Report this user for behavior that violates our Community Guidelines.

Details: